<?xml version="1.0" encoding="UTF-8"?>
<marc:record xmlns:marc="http://www.loc.gov/MARC21/slim">
   <marc:leader>00000nam a2200000 a 4500</marc:leader>
   <marc:datafield ind1="1" ind2=" " tag="100">
      <marc:subfield code="a">McGlynn, Stacey</marc:subfield>
      <marc:subfield code="4">aut</marc:subfield>
      <marc:subfield code="e">Verfasser/-in</marc:subfield>
   </marc:datafield>
   <marc:datafield ind1=" " ind2=" " tag="653">
      <marc:subfield code="a">Frau</marc:subfield>
   </marc:datafield>
   <marc:datafield ind1=" " ind2=" " tag="653">
      <marc:subfield code="a">Alter</marc:subfield>
   </marc:datafield>
   <marc:datafield ind1=" " ind2=" " tag="653">
      <marc:subfield code="a">Jugendliebe</marc:subfield>
   </marc:datafield>
   <marc:datafield ind1=" " ind2=" " tag="653">
      <marc:subfield code="a">Reise</marc:subfield>
   </marc:datafield>
   <marc:datafield ind1=" " ind2=" " tag="653">
      <marc:subfield code="a">Liverpool</marc:subfield>
   </marc:datafield>
   <marc:datafield ind1=" " ind2=" " tag="653">
      <marc:subfield code="a">New York, NY</marc:subfield>
   </marc:datafield>
   <marc:datafield ind1=" " ind2=" " tag="653">
      <marc:subfield code="a">US-Soldat</marc:subfield>
   </marc:datafield>
   <marc:datafield ind1="0" ind2="0" tag="245">
      <marc:subfield code="a">Die Zeit, die uns noch bleibt</marc:subfield>
   </marc:datafield>
   <marc:datafield ind1="0" ind2="0" tag="245">
      <marc:subfield code="b">Roman</marc:subfield>
   </marc:datafield>
   <marc:datafield ind1=" " ind2="1" tag="264">
      <marc:subfield code="b">Heyne</marc:subfield>
      <marc:subfield code="c">2011</marc:subfield>
   </marc:datafield>
   <marc:datafield ind1="1" ind2=" " tag="520">
      <marc:subfield code="a">Klappentext: Ihr Name ist Daisy Phillips. Sie ist eine 77-jährige Witwe aus Liverpool. Ihr Sohn versucht sie davon zu überzeugen, ihr Haus zu verkaufen und in ein Seniorenheim zu ziehen. Doch nicht mit Daisy. In ihrem Keller findet sie einen lange vergessenen Schatz: eine Uhr, die ihr ein amerikanischer Soldat während des Zweiten Weltkriegs als Verlobungsgeschenk überreicht hatte, bevor er zurück in seine Heimat musste. Und nun macht sich Daisy auf die Suche nach ihrer großen verlorenen Liebe und reist nach Amerika.  Über den Autor und weitere Mitwirkende Stacey McGlynn hat einen Abschluss in Filmwissenschaften an der Columbia University. Sie lebt mit ihrem Mann und drei Söhnen auf Long Island. Die Zeit, die uns noch bleibt ist ihr erster Roman.</marc:subfield>
   </marc:datafield>
   <marc:datafield ind1=" " ind2=" " tag="020">
      <marc:subfield code="a">9783453266384</marc:subfield>
      <marc:subfield code="9">9783453266384</marc:subfield>
   </marc:datafield>
</marc:record>
